Statistics for Countries of the East Indies

Click here to take the quiz!

General Stats

  • This quiz has been taken 31 times
  • The average score is 9 of 10

Answer Stats

LandmassAnswer% Correct
ContinentVietnam
100%
ContinentCambodia
96%
IslandIndonesia
96%
ContinentLaos
96%
ContinentThailand
96%
Continent/IslandMalaysia
93%
IslandPhilippines
93%
IslandBrunei
89%
IslandEast Timor
89%
IslandSingapore
89%

Score Distribution

Percentile by Number Answered

Percent of People with Each Score

Your Score History

You have not taken this quiz